Identidades y sentido de pertenencia y sus tensiones contemporáneas para la cohesión social: ¿del derrotero a las raíces, y/o de las raíces al derrotero? /
En el presente documento se aborda el tema de la cohesión social entendida como "la dialéctica entre mecanismos instituidos de inclusión/exclusión sociales y los comportamientos, valoraciones y disposiciones frente al modo en que ellos operan y que determinan el sentido de pertenencia". En...
Guardat en:
| Autor principal: | |
|---|---|
| Format: | Text |
| Matèries: | |
| Etiquetes: |
Afegir etiqueta
Sense etiquetes, Sigues el primer a etiquetar aquest registre!
|
MARC
| LEADER | 00000 a a2200000 04500 | ||
|---|---|---|---|
| 001 | 42288 | ||
| 003 | |||
| 040 | |||
| 090 | |a REV1291 (155) 2009 | ||
| 100 | |a Sojo, Ana | ||
| 245 | |a Identidades y sentido de pertenencia y sus tensiones contemporáneas para la cohesión social: |b ¿del derrotero a las raíces, y/o de las raíces al derrotero? / |c Ana Sojo | ||
| 520 | |a En el presente documento se aborda el tema de la cohesión social entendida como "la dialéctica entre mecanismos instituidos de inclusión/exclusión sociales y los comportamientos, valoraciones y disposiciones frente al modo en que ellos operan y que determinan el sentido de pertenencia". En este sentido, en el documento se apuesta a mostrar como consolidar lazos sociales que refuercen la confianza, reciprocidad y una inclusión social asentada en el goce de niveles dignos de bienestar, en el respeto y reconocimiento de la diversidad social y en una comunidad de valores y normas. | ||
| 590 | |a SJB/JULIO2012 | ||
| 650 | |a IDENTIDAD SOCIAL | ||
| 650 | |a ESTILOS DE VIDA | ||
| 650 | |a COMPORTAMIENTO SOCIAL | ||
| 650 | |a COHESION SOCIAL | ||
| 650 | |a DESIGUALDAD SOCIAL | ||
| 650 | |a INCLUSION SOCIAL | ||
| 650 | |a DEMOCRACIA | ||
| 650 | |a BOLIVIA | ||
| 773 | |g número155, (2009), 27 páginas | ||
| 999 | |c 40216 |d 40216 | ||
